| 000 | 00406cam a2200157ua 4500 | ||
|---|---|---|---|
| 041 |
_amal _h |
||
| 082 |
_a028.73491 _bPAR/AM |
||
| 100 | _aParameswaran Moosad, T C . | ||
| 245 |
_aAmarakosam thrivenee / _cT C Parameswaran Moosad. _hTextual Documents |
||
| 250 |
_a1 / _b. |
||
| 260 |
_aKunnamkulam : _bVictory Press , _c1956. |
||
| 300 | _a94 ; . | ||
| 504 | _a | ||
| 942 | _cBK | ||
| 999 |
_c10209 _d10209 |
||